Inovatívny model manažérskeho vyhodnocovania podnikových materiálových tokov dizertačná práca

Enregistré dans:
Détails bibliographiques
Auteur principal: Barilová, Barbara, 1997-
Collectivité auteur: Obchodná fakulta EU. Katedra marketingu
Autres auteurs: Daneshjo, Naqibullah, 1964-
Format: Livre
Langue:slovaque
Publié: Bratislava 2024
Sujets:
Tags: Ajouter un tag
Pas de tags, Soyez le premier à ajouter un tag!

MARC

LEADER 00000nbm a2200000 4500
001 0303033
005 20240718102345.6
041 0 |a slo 
044 |a SK 
245 1 0 |a Inovatívny model manažérskeho vyhodnocovania podnikových materiálových tokov  |b dizertačná práca  |c Barbara Barilová ; školiteľ: Naqibullah Daneshjo 
264 1 |a Bratislava  |c 2024 
300 |a 180 s. 
610 2 0 |a tok materiálu 
610 2 0 |a rozhodovanie manažérske 
610 2 0 |a optimalizácia 
610 2 0 |a riadenie zásob 
100 1 |a Barilová, Barbara, 1997- 
700 1 |a Daneshjo, Naqibullah, 1964- 
710 2 |a Obchodná fakulta EU. Katedra marketingu